The Creative Mathematics Teacher's Book of Lists /

Unexpected lists that propel your teaching into refreshingly new directions! From lesson planning and assessment strategies to ideas for changing the world, there is something for everybody at every level and age of mathematics - entertaining humor, deeply serious provocations to push you out of the...

وصف كامل

محفوظ في:

المؤلف الرئيسي: Appelbaum, Peter (مؤلف)

التنسيق: كتاب الكتروني

اللغة: English

منشور في: Leiden ; Boston : Brill, 2024.

سلاسل: Educational Research E-Books Online, Collection 2024.

الموضوعات:

الوصول للمادة أونلاين: Login to view Source

الوسوم: إضافة وسم

لا توجد وسوم, كن أول من يضع وسما على هذه التسجيلة!

رقم الطلب: LA227.3

LEADER 01781nam a22004098i 4500
001 BRILL9789004688469
003 nllekb
005 20241030071529.0
006 m d
007 cr un uuuua
008 240614s2024 gw sb 001 0 eng d
020 |a 9789004688469  |q (electronic book) 
020 |z 9789004688445  |q (print) 
024 7 |a 10.1163/9789004688469  |2 DOI 
040 |a NL-LeKB  |c NL-LeKB  |e rda 
041 |a eng 
050 4 |a LA227.3 
082 0 4 |a 378/.012/0973  |2 23 
100 1 |a Appelbaum, Peter,  |e author. 
245 1 4 |a The Creative Mathematics Teacher's Book of Lists /  |c Peter Appelbaum. 
264 1 |a Leiden ;  |a Boston :  |b Brill,  |c 2024. 
264 4 |c ©2024 
336 |a text  |b txt  |2 rdacontent 
337 |a computer  |b c  |2 rdamedia 
338 |a online resource  |2 rdacarrier 
490 1 |a Educational Research E-Books Online, Collection 2024 
504 |a Includes bibliographical references and index. 
520 |a Unexpected lists that propel your teaching into refreshingly new directions! From lesson planning and assessment strategies to ideas for changing the world, there is something for everybody at every level and age of mathematics - entertaining humor, deeply serious provocations to push you out of the box, and good, clean wholesome tips for creative experiments in classroom organization. 
546 |a English 
588 |a Description based on print version record. 
650 0 |a Education. 
650 0 |a Social justice. 
776 0 8 |i Print version:  |t The Creative Mathematics Teacher's Book of Lists.  |d Leiden ; Boston : Brill, 2024.  |z 9789004688445 
830 0 |a Educational Research E-Books Online, Collection 2024. 
856 4 |z DOI:   |u http://dx.doi.org/10.1163/9789004688469 
942 |2 lcc  |c EBOOK 
999 |c 59329  |d 59329